| 000 | 00528cas a2200181 4500 | ||
|---|---|---|---|
| 008 | 100601n eng u | ||
| 020 | _a9073637570 | ||
| 035 | _a(Sirsi) a169541 | ||
| 040 | _aCIP | ||
| 050 |
_aRC445 _bMEE 2003 |
||
| 100 | _aMeekeren, van Erwin | ||
| 245 |
_aStarry starry night: _bLife and Psychiatric history of Vincent van Gogh/ _cErwin van Meekeren. |
||
| 260 |
_aAmsterdam: _bBenecke N.I. _c 2003 |
||
| 300 | _a164p.:bill | ||
| 504 | _aIncludes Index | ||
| 650 | _aPsychiatry | ||
| 650 | _aMental illness | ||
| 999 |
_c34131 _d34131 |
||